Supply Chain Finance: (Record no. 1311832)

MARC details
000 -LEADER
fixed length control field 00586nam a22001817a 4500
003 - CONTROL NUMBER IDENTIFIER
control field OSt
005 - DATE AND TIME OF LATEST TRANSACTION
control field 20250506155701.0
008 - FIXED-LENGTH DATA ELEMENTS--GENERAL INFORMATION
fixed length control field 250506b |||||||| |||| 00| 0 eng d
020 ## - INTERNATIONAL STANDARD BOOK NUMBER
International Standard Book Number 9783030095499
040 ## - CATALOGING SOURCE
Transcribing agency rda
100 ## - MAIN ENTRY--PERSONAL NAME
Personal name Speranza, M.Grazia.,
Relator term Author
9 (RLIN) 754418
245 ## - TITLE STATEMENT
Title Supply Chain Finance:
Remainder of title Integrating Operations and Finance in Global Supply Chains
Statement of responsibility, etc. By M. Grazia Speranza and Jose Fernando Oliveira
260 ## - PUBLICATION, DISTRIBUTION, ETC.
Place of publication, distribution, etc. Switzerland
Name of publisher, distributor, etc. Springer
Date of publication, distribution, etc. 2018
300 ## - PHYSICAL DESCRIPTION
Extent xiii,183P
650 ## - SUBJECT ADDED ENTRY--TOPICAL TERM
Source of heading or term Finance
700 ## - ADDED ENTRY--PERSONAL NAME
Personal name Oliveira, Jose Fernando.,
Relator term Author
9 (RLIN) 754419
942 ## - ADDED ENTRY ELEMENTS (KOHA)
Source of classification or shelving scheme Colon Classification (CC)
Koha item type General Books
Suppress in OPAC No
Holdings
Withdrawn status Lost status Source of classification or shelving scheme Damaged status Not for loan Home library Current library Shelving location Date acquired Total Checkouts Full call number Barcode Date last seen Price effective from Koha item type
    Colon Classification (CC)     Faculty of Management Library Faculty of Management Library General Stacks 2025-02-12   X:89A Q8 ML1636025 2025-05-06 2025-05-06 General Books
Copyright @ Delhi University Library System